banner

La educación argentina: (Registro nro. 863)

000 -LEADER
fixed length control field 00907nam a22002657 4500
003 - CONTROL NUMBER IDENTIFIER
control field AR-BaISA
005 - DATE AND TIME OF LATEST TRANSACTION
control field 20220418093832.0
007 - PHYSICAL DESCRIPTION FIXED FIELD--GENERAL INFORMATION
fixed length control field ta
008 - FIXED-LENGTH DATA ELEMENTS--GENERAL INFORMATION
fixed length control field 220413s1987 ag |||f |||| 001 0 spa d
020 ## - INTERNATIONAL STANDARD BOOK NUMBER
International Standard Book Number 9502303024
040 ## - CATALOGING SOURCE
Language of cataloging spa
Transcribing agency AR-BaISA
082 04 - DEWEY DECIMAL CLASSIFICATION NUMBER
Edition number 22
Classification number 379.82 M765
100 1# - MAIN ENTRY--PERSONAL NAME
9 (RLIN) 2039
Personal name Montenegro, Adelmo
245 13 - TITLE STATEMENT
Title La educación argentina:
Remainder of title reforma y fines /
Statement of responsibility, etc. Adelmo Montenegro
260 ## - PUBLICATION, DISTRIBUTION, ETC.
Place of publication, distribution, etc. Buenos Aires:
Name of publisher, distributor, etc. Eudeba,
Date of publication, distribution, etc. 1987
300 ## - PHYSICAL DESCRIPTION
Extent 45 p.
504 ## - BIBLIOGRAPHY, ETC. NOTE
Bibliography, etc. note Bibliografía al final de cada capítulo.
505 ## - FORMATTED CONTENTS NOTE
Title La idea del hombre y la crisis de la educación --
-- Los fines de la educación y el sistema educativo nacional --
-- Reforma educativa: nación e ideal pedagógico
650 10 - SUBJECT ADDED ENTRY--TOPICAL TERM
9 (RLIN) 287
Topical term or geographic name entry element Educación
650 10 - SUBJECT ADDED ENTRY--TOPICAL TERM
9 (RLIN) 2040
Topical term or geographic name entry element Sistema educativo
650 14 - SUBJECT ADDED ENTRY--TOPICAL TERM
9 (RLIN) 1571
Topical term or geographic name entry element Política educacional
650 14 - SUBJECT ADDED ENTRY--TOPICAL TERM
9 (RLIN) 1439
Topical term or geographic name entry element Reforma de la educación
651 14 - SUBJECT ADDED ENTRY--GEOGRAPHIC NAME
9 (RLIN) 3
Geographic name Argentina
942 ## - ADDED ENTRY ELEMENTS (KOHA)
Source of classification or shelving scheme
Koha item type Libros
Edition 22
Existencias
Withdrawn status Lost status Source of classification or shelving scheme Damaged status Not for loan Permanent Location Current Location Date acquired Inventory number Full call number Barcode Date last seen Price effective from Koha item type
          Biblioteca ISALUD. Dr. Néstor Rodríguez Campoamor Biblioteca ISALUD. Dr. Néstor Rodríguez Campoamor 2022-04-13 4391 379.82 M765 4391 2022-04-13 2022-04-13 Libros